|
|
|
|
| LEADER |
00932nam a2200241 a 4500 |
| 001 |
15223094 |
| 008 |
100222r2008 ne a 000 0 eng d |
| 010 |
|
|
|a 2008012453
|
| 020 |
|
|
|a 9780750686440 (pbk.)
|
| 020 |
|
|
|a 8798131217849
|
| 040 |
|
|
|a DLC
|c DLC
|d DLC
|d BD-DhAAL
|
| 082 |
0 |
0 |
|a 004.16
|2 22
|
| 100 |
1 |
|
|a Ganssle, Jack G.
|
| 245 |
1 |
4 |
|a The art of designing embedded systems /
|c Jack Ganssle.
|
| 250 |
|
|
|a 2nd ed.
|
| 260 |
|
|
|a Amsterdam ;
|a Boston :
|b Elsevier / Newnes, ;
|a New Delhi :
|b Reed Elsevier India,
|c c2008. [Reprinted]
|
| 300 |
|
|
|a viii, 298 p. :
|b ill. ;
|c 24 cm.
|
| 504 |
|
|
|a Includes index.
|
| 541 |
1 |
|
|e 00019810
|
| 650 |
|
0 |
|a Embedded computer systems
|x Design and construction.
|
| 852 |
4 |
|
|a Ayesha Abed Library
|j General shelf
|
| 999 |
|
|
|c 7664
|d 7664
|
| 952 |
|
|
|0 0
|1 0
|2 ddc
|4 0
|6 004_160000000000000_GAN_2008
|7 0
|9 8389
|a BRACUL
|b BRACUL
|c GEN
|d 2010-02-22
|l 1
|m 3
|o 004.16 GAN
|p 3010019810
|r 2016-12-06
|s 2016-11-02
|t 1
|w 2010-02-22
|y BK
|